[Event "SVK-ch Blitz"]
[Site "Nitra"]
[Date "2022.10.29"]
[Round "11"]
[White "Szaszak, Robert"]
[Black "Zsitva, Norbert"]
[Result "0-1"]
[WhiteElo "1681"]
[BlackElo "1912"]
[PlyCount "106"]
[EventDate "2022.10.29"]
[EventType "swiss"]
[EventRounds "13"]
[EventCountry "SVK"]
[SourceTitle "EXT 2024"]
[Source "ChessBase"]
[SourceDate "2023.10.10"]
[SourceVersion "1"]
[SourceVersionDate "2023.10.10"]
[SourceQuality "1"]

1. e4 e5 2. Nf3 Nc6 3. Bc4 Bc5 4. Nc3 Nf6 5. d3 h6 6. Bd2 d6 7. a3 a6 8. h3 0-0 9. Qc1 Nh7 10. Nd5 Ne7 11. Nh2 c6 12. Nxe7+ Qxe7 13. Ng4 Be6 14. Bxh6 Bxc4 15. Bxg7 Kxg7 16. dxc4 Qh4 17. g3 Qh5 18. Qd2 Rad8 19. 0-0-0 f5 20. exf5 Rxf5 21. Rdf1 Qg5 22. Qxg5+ Nxg5 23. f4 exf4 24. gxf4 Rdf8 25. h4 Ne6 26. b4 Bd4 27. c3 Bxc3 28. Rfg1 Kh7 29. Kc2 Bd4 30. Rg2 Rxf4 31. Re1 Ng7 32. Re7 R8f7 33. Rxf7 Rxf7 34. h5 Nxh5 35. Rh2 Kg6 36. Rg2 Kh7 37. Rh2 Rf5 38. Kd3 c5 39. bxc5 dxc5 40. Ke4 Rf4+ 41. Kd5 Rxg4 42. Rxh5+ Kg6 43. Rh8 b6 44. Rg8+ Kf5 45. Rb8 Rg6 46. a4 a5 47. Rf8+ Rf6 48. Rxf6+ Kxf6 49. Kc6 Bc3 50. Kxb6 Bb4 51. Kc6 Ke5 52. Kb6 Kd4 53. Kb5 Kc3 0-1

[Event "HUN-chT2 Breyer 1718"]
[Site "Hungary"]
[Date "2018.02.18"]
[Round "8.7"]
[White "Nagy, Csaba1111"]
[Black "Zsitva, Norbert"]
[Result "0-1"]
[WhiteElo "1957"]
[BlackElo "1844"]
[PlyCount "46"]
[EventDate "2017.09.24"]
[EventType "team-tourn"]
[EventRounds "11"]
[EventCountry "HUN"]
[SourceTitle "EXT 2021"]
[Source "ChessBase"]
[SourceDate "2020.10.23"]
[SourceVersion "1"]
[SourceVersionDate "2020.10.23"]
[SourceQuality "1"]
[WhiteTeam "Torokbalint"]
[BlackTeam "Esztergom"]
[WhiteTeamCountry "HUN"]
[BlackTeamCountry "HUN"]

1. e4 e5 2. f4 exf4 3. Nf3 d5 4. exd5 Qxd5 5. Nc3 Qa5 6. d4 Bd6 7. Bc4 Ne7 8. 0-0 0-0 9. Bd2 c6 10. Ne4 Qc7 11. a3 a5 12. Nfg5 Nd5 13. Nxh7 Kxh7 14. Qh5+ Kg8 15. Bxd5 cxd5 16. Ng5 Bf5 17. Rf3 f6 18. Nh3 g6 19. Qh4 g5 20. Nxg5 fxg5 21. Qxg5+ Qg7 22. Qh4 Be4 23. Rf2 Nc6 0-1

[Event "Oravska Priehrada op"]
[Site "Namestovo"]
[Date "2017.08.25"]
[Round "1"]
[White "Babjarcik, Tobias"]
[Black "Zsitva, Norbert"]
[Result "0-1"]
[WhiteElo "1093"]
[BlackElo "1838"]
[PlyCount "64"]
[EventDate "2017.08.25"]
[EventType "swiss"]
[EventRounds "7"]
[EventCountry "SVK"]
[SourceTitle "CBM 180 Extra"]
[Source "ChessBase"]
[SourceDate "2017.10.06"]
[SourceVersion "1"]
[SourceVersionDate "2017.10.06"]
[SourceQuality "1"]

1. e4 e5 2. Nf3 Nc6 3. Bc4 Nf6 4. d3 Bc5 5. Nc3 0-0 6. 0-0 h6 7. a3 d6 8. h3 Be6 9. Bxe6 fxe6 10. Re1 Nd4 11. Be3 Nh7 12. Bxd4 Bxd4 13. Nxd4 exd4 14. Ne2 e5 15. Ng3 Qg5 16. Qg4 Qxg4 17. hxg4 g6 18. f3 Kg7 19. Rf1 Ng5 20. Kf2 c5 21. Ke2 Ne6 22. Rh1 b5 23. Rh2 c4 24. Rah1 Rh8 25. Kd2 a5 26. Ne2 Rac8 27. dxc4 bxc4 28. a4 Rb8 29. Kc1 Nc5 30. c3 Nd3+ 31. Kd1 Nf2+ 32. Kc2 d3+ 0-1

[Event "SVK-ch U18"]
[Site "Sliac"]
[Date "2011.04.06"]
[Round "8"]
[White "Mraz, Martin"]
[Black "Zsitva, Norbert"]
[Result "1-0"]
[WhiteElo "1874"]
[BlackElo "1925"]
[PlyCount "93"]
[EventDate "2011.03.31"]
[EventType "swiss"]
[EventRounds "9"]
[EventCountry "SVK"]
[SourceTitle "CBM 141 Extra"]
[Source "ChessBase"]
[SourceDate "2011.05.03"]
[SourceVersion "1"]
[SourceVersionDate "2011.05.03"]
[SourceQuality "1"]

1. e4 e5 2. Nf3 Nc6 3. d4 exd4 4. Bc4 Nf6 5. e5 d5 6. Bb5 Ne4 7. Nxd4 Bd7 8. Bxc6 bxc6 9. 0-0 Bc5 10. f3 Ng5 11. f4 Ne4 12. Be3 0-0 13. Nd2 Bxd4 14. Bxd4 Bf5 15. Nxe4 Bxe4 16. Qg4 g6 17. Qh3 h5 18. Qg3 Bf5 19. Rac1 Qe7 20. Qe3 Qe6 21. Bxa7 Be4 22. Rf2 Rfe8 23. Re1 Qc8 24. b4 Qa6 25. Bc5 Qc4 26. a4 Ra6 27. a5 Raa8 28. Qd4 Qxd4 29. Bxd4 Reb8 30. Bc5 Re8 31. a6 Reb8 32. a7 Re8 33. Rd2 Bf5 34. Rb1 Be6 35. Rdd1 Bg4 36. Rd2 Be6 37. h3 Kg7 38. Rdd1 Bf5 39. Rb2 Be6 40. b5 cxb5 41. Rxb5 Rec8 42. Rdb1 Bd7 43. Rb8 Bc6 44. Rxc8 Rxc8 45. Rb8 Rg8 46. Be7 Ba8 47. Bd8 1-0

[Event "SVK-ch U18"]
[Site "Sliac"]
[Date "2011.04.03"]
[Round "5"]
[White "Matus, David"]
[Black "Zsitva, Norbert"]
[Result "1/2-1/2"]
[WhiteElo "1701"]
[BlackElo "1925"]
[PlyCount "57"]
[EventDate "2011.03.31"]
[EventType "swiss"]
[EventRounds "9"]
[EventCountry "SVK"]
[SourceTitle "CBM 141 Extra"]
[Source "ChessBase"]
[SourceDate "2011.05.03"]
[SourceVersion "1"]
[SourceVersionDate "2011.05.03"]
[SourceQuality "1"]

1. e4 e5 2. Nf3 Nc6 3. Bc4 Nf6 4. Ng5 Bc5 5. Nxf7 Bxf2+ 6. Kf1 Qe7 7. Nxh8 d5 8. exd5 Nd4 9. Nc3 Bh4 10. g3 Bh3+ 11. Kg1 Qc5 12. Kf2 Nxc2+ 13. d4 Nxd4 14. Ke1 Qxc4 15. gxh4 Bg4 16. Qa4+ Qxa4 17. Nxa4 Nc2+ 18. Kd2 Nxa1 19. Re1 e4 20. Nc3 Bf5 21. b3 Ke7 22. Ba3+ Kd7 23. Nf7 e3+ 24. Rxe3 Nc2 25. Re7+ Kc8 26. Bb2 Nb4 27. Ne5 b6 28. Rxg7 Nfxd5 29. Nxd5 1/2-1/2

[Event "SVK-ch U12"]
[Site "Brezova pod Bradlom"]
[Date "2006.03.06"]
[Round "3"]
[White "Zsitva, Norbert"]
[Black "Borak, Adrian"]
[Result "0-1"]
[WhiteElo "1350"]
[BlackElo "1414"]
[PlyCount "62"]
[EventDate "2006.03.05"]
[EventType "swiss"]
[EventRounds "9"]
[EventCountry "SVK"]
[SourceTitle "EXT 2008"]
[Source "ChessBase"]
[SourceDate "2007.11.25"]
[SourceVersion "1"]
[SourceVersionDate "2007.11.25"]
[SourceQuality "1"]

1. e4 e5 2. Nf3 Nc6 3. Bc4 Bc5 4. 0-0 Nf6 5. Ng5 0-0 6. Nc3 h6 7. Nf3 d6 8. d3 Bg4 9. h3 Bh5 10. Nd5 Nd4 11. c3 Nxf3+ 12. gxf3 c6 13. Nxf6+ Qxf6 14. Kg2 Rad8 15. Be3 Bxe3 16. fxe3 d5 17. exd5 cxd5 18. Bb3 e4 19. dxe4 dxe4 20. Qc2 Qg5+ 21. Kf2 Bxf3 22. Rg1 Qh4+ 23. Rg3 Rd6 24. Bc4 Rg6 25. Rag1 Rd8 26. Be2 Rdd6 27. Bxf3 exf3 28. Kxf3 Rdf6+ 29. Ke2 Rxg3 30. Rd1 Rg2+ 31. Kd3 Rd6# 0-1